La aliteratura contemporánea
Uloženo v:
| Hlavní autor: | |
|---|---|
| Médium: | Kniha |
| Jazyk: | španělština |
| Vydáno: |
Madrid
Guadarrama
1972
|
| Edice: | Colección Punto Omega
|
| Témata: | |
| Tagy: |
Přidat tag
Žádné tagy, Buďte první, kdo vytvoří štítek k tomuto záznamu!
|
MARC
| LEADER | 00000nam a2200000 a 4500 | ||
|---|---|---|---|
| 001 | UCX5630 | ||
| 003 | CL-VaPUC | ||
| 008 | 921211e19720000SP |||||||||||||||||spa|d | ||
| 082 | 0 | 4 | |a 809 |b MAU |2 21 |
| 100 | |a Mauriac, Claude |e autor |9 575599 | ||
| 245 | 1 | 3 | |a La aliteratura contemporánea |
| 300 | |a 425 p | ||
| 942 | |c BK | ||
| 945 | |d 19921211 00:00:00 | ||
| 260 | |a Madrid |b Guadarrama |c 1972 | ||
| 650 | 0 | |a Crítica literaria |9 269189 | |
| 650 | 0 | |a Literatura contemporánea |9 321959 | |
| 583 | |a last modification |c 19921211 00:00:00 |k Rodrigo Vera | ||
| 490 | 0 | |a Colección Punto Omega | |
| 999 | |c 225838 |d 225836 | ||
| 952 | |0 0 |1 0 |4 0 |6 809_000000000000000_MAU_1972 |7 0 |8 A |9 223710 |a BIBEDU |b BIBEDU |d 2019-11-15 |i 2925419 |o 809 MAU 1972 |p 2925419 |r 2019-11-15 |w 2019-11-15 |y BK |k LIT | ||